Risk avoidance of inadequate estimation of construction contingency sums in South Africa (Record no. 115658)
[ view plain ]
| 000 -LEADER | |
|---|---|
| fixed length control field | 01997cad a2200289 4500 |
| 001 - CONTROL NUMBER | |
| control field | L159064 |
| 008 - FIXED-LENGTH DATA ELEMENTS--GENERAL INFORMATION | |
| fixed length control field | 100215n2013 000 0 eng u |
| 020 ## - INTERNATIONAL STANDARD BOOK NUMBER | |
| International Standard Book Number | 9781783210305 |
| 035 ## - SYSTEM CONTROL NUMBER | |
| System control number | (Sirsi) u159064 |
| 041 ## - LANGUAGE CODE | |
| Language code of text/sound track or separate title | eng |
| 100 1# - MAIN ENTRY--PERSONAL NAME | |
| Personal name | Okumbe, J. O. |
| 111 2# - MAIN ENTRY--MEETING NAME | |
| Meeting name or jurisdiction name as entry element | Construction and Building Research Conference |
| Location of meeting | IIT Delhi, New Delhi |
| Date of meeting or treaty signing | 10-12 September 2013 |
| 245 00 - TITLE STATEMENT | |
| Title | Risk avoidance of inadequate estimation of construction contingency sums in South Africa |
| Medium | [electronic resource] |
| 260 ## - PUBLICATION, DISTRIBUTION, ETC. | |
| Place of publication, distribution, etc. | London |
| Name of publisher, distributor, etc. | RICS |
| Date of publication, distribution, etc. | 2013 |
| 490 #0 - SERIES STATEMENT | |
| Series statement | COBRA |
| Volume/sequential designation | 2013 |
| 520 ## - SUMMARY, ETC. | |
| Summary, etc. | A paper presented at the COBRA Conference in New Delhi on 10-12 September 2013. Investigates by identifying the shortcomings within the current mechanisms to limit financial risks in order to develop a new method that can be used to reduce construction cost overruns in South Africa caused during the estimation of contingency sums. The findings and results of the research were used to propose new additional methods aimed at reducing the financial risks and disputes caused by the identified items of risks within the contingency sums in South Africa. The research is aimed at adding more value to the industry if implemented by eliminating these items of risk which still lead to persistent cost overruns which cannot be managed effectively by the existing traditional method which allows the use of a percentage only in calculating the contingency sums. |
| 650 24 - SUBJECT ADDED ENTRY--TOPICAL TERM | |
| Topical term or geographic name entry element | CONSTRUCTION AND BUILDING RESEARCH CONFERENCE (COBRA) |
| 650 24 - SUBJECT ADDED ENTRY--TOPICAL TERM | |
| Topical term or geographic name entry element | BUILT ENVIRONMENT-QUANTITY SURVEYING-CONSTRUCTION COST ESTIMATING |
| 650 24 - SUBJECT ADDED ENTRY--TOPICAL TERM | |
| Topical term or geographic name entry element | COSTS |
| 650 24 - SUBJECT ADDED ENTRY--TOPICAL TERM | |
| Topical term or geographic name entry element | CONTINGENCY PLANNING |
| 651 #4 - SUBJECT ADDED ENTRY--GEOGRAPHIC NAME | |
| Geographic name | South Africa |
| 690 ## - LOCAL SUBJECT ADDED ENTRY--TOPICAL TERM (OCLC, RLIN) | |
| Topical term or geographic name as entry element | Quantity surveying |
| 9 (RLIN) | 6263 |
| 700 1# - ADDED ENTRY--PERSONAL NAME | |
| Personal name | Talukhaba, A. A. |
| 700 1# - ADDED ENTRY--PERSONAL NAME | |
| Personal name | Ndambuki, J. M. |
| 856 40 - ELECTRONIC LOCATION AND ACCESS | |
| Uniform Resource Identifier | <a href="https://www.rics.org/Global/Paper%20144%20RISK%20AVOIDANCE%20OF%20INADEQUATE%20ESTIMATION%20OF%20CONSTRUCTION%20CONTINGENCY%20SUMS%20IN%20SOUTH%20AFRICA.pdf">https://www.rics.org/Global/Paper%20144%20RISK%20AVOIDANCE%20OF%20INADEQUATE%20ESTIMATION%20OF%20CONSTRUCTION%20CONTINGENCY%20SUMS%20IN%20SOUTH%20AFRICA.pdf</a> |
| Public note | View this item free of charge at www.rics.org |
| 942 ## - ADDED ENTRY ELEMENTS (KOHA) | |
| Suppress in OPAC | 0 |
| Withdrawn status | Lost status | Source of classification or shelving scheme | Damaged status | Not for loan | Home library | Current library | Shelving location | Date acquired | Total Checkouts | Full call number | Barcode | Date last seen | Copy number | Price effective from | Koha item type |
|---|---|---|---|---|---|---|---|---|---|---|---|---|---|---|---|
| Dewey Decimal Classification | Virtual | Virtual | Online | 24/12/2015 | ONLINE PUBLICATION | 159064-2001 | 06/08/2019 | 1 | 06/08/2019 | Book |